00964nam a22002177a 450000500170000000800390001702000150005605000230007110000210009424502330011525000110034826000550035930000340041450000460044850400320049465000430052670000310056970000400060070000580064070000480069820150124125201.0110117t mx||||| |||| 00| 0 spa d a968880968304aQH308 .2bA83 19971 aAudesirk, Teresa13aBiología :bla vida en la tierra /cTeresa Audesirk, Gerald Audesirk ; traducción Ma. Marcela Ramírez Escoto, Drucila Edith Velázquez Martínez del Campo ; revisión técnica Mario César Gómez García...[et al.]  a4a ed. aMéxico :bPrentice Hall Hispanoamericana,c1997 axxxi, 947 p. :bil. ;c28 cm. aTraducción de : Biology : life on earth aIncluye glosario e índice 72LEMBaBiología xCiencias de la vida1 aAudesirk, Gerald, ecoaut.1 aRamírez Escoto, Ma. Marcela,etr.1 aVelázquez Martínez del Campo, Drucila Edith,etr.1 aGómez García, Mario César,drev. tec.